[Event "Starogard Gdanski-ch"]
[Site "Starogard Gdanski"]
[Date "2017.10.20"]
[Round "3.2"]
[White "Gurbowicz, Jozef"]
[Black "Szarmach, Andrzej"]
[Result "0-1"]
[WhiteElo "1618"]
[BlackElo "1767"]
[PlyCount "76"]
[EventDate "2017.10.06"]
[EventType "tourn"]
[EventRounds "9"]
[EventCountry "POL"]
[SourceTitle "EXT 2023"]
[Source "ChessBase"]
[SourceDate "2022.10.05"]
[SourceVersion "1"]
[SourceVersionDate "2022.10.05"]
[SourceQuality "1"]

1. e4 c5 2. Nf3 d6 3. d4 cxd4 4. Nxd4 Nf6 5. Nc3 a6 6. Be3 e6 7. Be2 Be7 8. Qd2 Qc7 9. h3 b5 10. a3 Bb7 11. Bf3 Nbd7 12. Bg5 0-0 13. 0-0 Rac8 14. Rfe1 Ne5 15. Rad1 Nc4 16. Qc1 Nxa3 17. Re2 Nc4 18. Bxf6 Bxf6 19. b3 Ne5 20. Na2 Nxf3+ 21. Nxf3 d5 22. e5 Be7 23. Qf4 h6 24. b4 Qb6 25. Rd4 Rc7 26. c3 Rfc8 27. Qd2 Rc4 28. Qd3 a5 29. Rc2 axb4 30. Rxc4 bxc4 31. Qd2 b3 32. Rb2 bxa2 33. Rxa2 Bc5 34. Rb2 Qc7 35. Nd4 Bxd4 36. Qxd4 Bc6 37. f4 Ba4 38. Rb6 Qc5 0-1

[Event "Starogard Gdanski-ch"]
[Site "Starogard Gdanski"]
[Date "2017.10.13"]
[Round "2.4"]
[White "Zurawski, Tadeusz"]
[Black "Gurbowicz, Jozef"]
[Result "0-1"]
[WhiteElo "1400"]
[BlackElo "1618"]
[PlyCount "102"]
[EventDate "2017.10.06"]
[EventType "tourn"]
[EventRounds "9"]
[EventCountry "POL"]
[SourceTitle "EXT 2023"]
[Source "ChessBase"]
[SourceDate "2022.10.05"]
[SourceVersion "1"]
[SourceVersionDate "2022.10.05"]
[SourceQuality "1"]

1. e4 c5 2. d3 Nc6 3. c3 d6 4. h3 Nf6 5. Nd2 e6 6. Be2 Be7 7. Ngf3 b6 8. a4 a5 9. Nc4 Ba6 10. Bg5 b5 11. axb5 Bxb5 12. Na3 Ba6 13. c4 Rb8 14. Rb1 0-0 15. 0-0 Nd4 16. Nxd4 cxd4 17. Nc2 e5 18. f4 Nd7 19. Bxe7 Qxe7 20. f5 Nc5 21. Qe1 Nb3 22. Bd1 Qg5 23. Rf2 Rb6 24. Na1 a4 25. Nxb3 axb3 26. Rf3 Ra8 27. Rg3 Qe7 28. h4 f6 29. h5 h6 30. Rg6 Bb7 31. Qg3 Kh8 32. Qe1 Bc6 33. Be2 Ra2 34. Qd2 Qa7 35. Kf2 Qb7 36. Rg3 Rba6 37. Qc1 Qa7 38. Rh3 Bxe4 39. Rh1 Bxf5 40. g4 Bd7 41. Kg3 Bc6 42. Rf1 Qa8 43. Bf3 Bxf3 44. Rxf3 Ra1 45. Rf1 Rxb1 46. Qxb1 Qc6 47. Rc1 Qa4 48. Kf2 Qb4 49. Ke2 Ra2 50. Kf3 Qd2 51. Rd1 Qf4+ 0-1